| 000 | 00711nam a2200181 a 4500 | ||
|---|---|---|---|
| 001 | 000019251 | ||
| 005 | 20200929165948.0 | ||
| 008 | 100528s1970 ag ac r 000 0 spa d | ||
| 040 |
_aDO-SdBNP _bspa _cBNPHU |
||
| 082 |
_axxx _bM294 |
||
| 245 | 0 | 0 | _aManual de desarrollo de las áreas remotas. |
| 260 |
_aBuenos Aires, Argentina : _bCentro Regional de Ayuda Técnica : _bAgencia para el Desrrollo Internacional, _c1970. |
||
| 300 |
_a670 p. : _bil., retrs. ; _c20 cm. |
||
| 490 | 1 | _aColección América en letras | |
| 500 | _aEn la portada: recopilado por el personal de campaña del Community Development Counselling Service, INC. (C.D.C.S.) | ||
| 830 | 0 |
_aColección América en letras _941424 |
|
| 049 | _aBNGR | ||
| 999 |
_c18769 _d18769 |
||